000 01318nam a2200217Ia 4500
999 _c53129
_d53129
001 20168
003 GE_BSU
005 20250519142306.0
008 181216s2008||||ge |||||||||||||| ||geo||
020 _a9789941009440
040 _cGE_BSU
041 _ageo
080 _a342.4(479.223) ა-95
245 _aაჭარის ავტონომიური რესპუბლიკის კონსტიტუცია : [მიღებულია აჭარის ა/რ მიერ 2008 წლის 20 თებერვალს].
264 _aბათუმი :
_b[შპს "Gamaprint"-ის პოლიგრ. ცენტრი],
_c2008.
300 _a40 გვ. ;
_c21 სმ.
500 _aტექსტი გამოსაცემად მომზადებულია აჭარის ავტონომიური რესპუბლიკის უმაღლესი საბჭოს საკონსტიტუციო,იურიდიული და საპროცედურო საკითხთა კომიტეტის მიერ
653 _aაჭარის ავტონომიური რესპუბლიკის კონსტიტუცია
653 _aსამართალი
942 _cBK
_2udc